000 00443nam a2200169Ia 4500
020 _a0333675657
020 _a0333675665 (pbk.)
040 _cAZS
082 _a330 MAC 1997 A076 Or.
100 1 _aArgy, Victor E
245 1 4 _aThe Japanese economy /
260 _aHoundmills, Basingstoke, Hampshire :
_bMacmillan,
_c1997
300 _axiv, 379 p. :
_bill. ;
_c23 cm
650 0 _aIndustrial policy
700 1 _aStein, Leslie
942 _cEK
999 _c15306
_d15306